Chengiz Khan : (Record no. 35749)
[ view plain ]
| 000 -LEADER | |
|---|---|
| fixed length control field | 02763nam a22003737a 4500 |
| 005 - DATE AND TIME OF LATEST TRANSACTION | |
| control field | 2010111502222.0 |
| 010 ## - LCCN (DPL NO) | |
| LC control number | B-417385-370 |
| 020 ## - INTERNATIONAL STANDARD BOOK NUMBER | |
| International Standard Book Number | 818929735X |
| Terms of availability | 395.00 |
| 020 ## - INTERNATIONAL STANDARD BOOK NUMBER | |
| International Standard Book Number | 9788189297350 |
| Terms of availability | 395.00 |
| 035 ## - SYSTEM CONTROL NUMBER | |
| System control number | B-417385-370 |
| 037 ## - SOURCE OF ACQUISITION | |
| Source of stock number/acquisition | Vijay Goel |
| 082 ## - DEWEY DECIMAL CLASSIFICATION NUMBER | |
| Classification number | N |
| 100 ## - MAIN ENTRY--PERSONAL NAME | |
| Personal name | Yan, Vassili |
| 245 ## - TITLE STATEMENT | |
| Title | Chengiz Khan : |
| Statement of responsibility, etc | by Vassili Yan ; translated by Linda Noble |
| Remainder of title | devil's son God's gory butcher/ |
| 260 ## - PUBLICATION, DISTRIBUTION, ETC. (IMPRINT) | |
| Place of publication, distribution, etc | Delhi |
| Name of publisher, distributor, etc | Vijay Goel |
| Date of publication, distribution, etc | 2008 |
| 270 ## - ADDRESS | |
| Address | S-16, Naveen Shahdara, |
| City | Delhi |
| Postal code | 110032 |
| 300 ## - PHYSICAL DESCRIPTION | |
| Extent | 288 p. ; |
| Dimensions | 22 cm(Hb) |
| 700 ## - ADDED ENTRY--PERSONAL NAME | |
| Personal name | Noble, Linda |
| 9 (RLIN) | 24076 |
| 942 ## - ADDED ENTRY ELEMENTS (KOHA) | |
| Source of classification or shelving scheme | Dewey Decimal Classification |
| Item type | English Books |
| Call number suffix | YAN |
| Classification part | N |
| Withdrawn status | Lost status | Not for loan | Collection code | Home library | Current library | Date acquired | Source of acquisition | Cost, normal purchase price | Full call number | Barcode | Copy number | Cost, replacement price | Koha item type |
|---|---|---|---|---|---|---|---|---|---|---|---|---|---|
| Fiction | Andrews Gunj | Andrews Gunj | 15/11/2010 | Vijay Goel/536/19.7.10/68/1.7.10/27.7.10 | 395.00 | N YAN | B-417364 | 1 | 395.00 | English Books | |||
| Written-off vide DLB M. No. 383 dt 16.05.19 | Fiction | Bawana | Bawana | 15/11/2010 | Vijay Goel/536/19.7.10/68/1.7.10/27.7.10 | 395.00 | N YAN | B-417369 | 1 | 395.00 | English Books | ||
| Written-off vide DLB M. No. 383 dt 16.05.19 | Fiction | Central Library | Central Library | 15/11/2010 | Vijay Goel/536/19.7.10/68/1.7.10/27.7.10 | 395.00 | N YAN | B-417358 | 1 | 395.00 | English Books | ||
| Written-off vide DLB M. No. 383 dt 16.05.19 | Fiction | Vinoba Puri | Central Library | 15/11/2010 | Vijay Goel/536/19.7.10/68/1.7.10/27.7.10 | 395.00 | N YAN | B-417366 | 1 | 395.00 | English Books | ||
| Fiction | Janak Puri | Janak Puri | 15/11/2010 | Vijay Goel/536/19.7.10/68/1.7.10/27.7.10 | 395.00 | N YAN | B-417360 | 2 | 395.00 | English Books | |||
| Fiction | Janak Puri | Janak Puri | 15/11/2010 | Vijay Goel/536/19.7.10/68/1.7.10/27.7.10 | 395.00 | N YAN | B-417361 | 2 | 395.00 | English Books | |||
| Fiction | Narela | Narela | 15/11/2010 | Vijay Goel/536/19.7.10/68/1.7.10/27.7.10 | 395.00 | N YAN | B-417368 | 1 | 395.00 | English Books | |||
| Fiction | Patel Nagar | Patel Nagar | 15/11/2010 | Vijay Goel/536/19.7.10/68/1.7.10/27.7.10 | 395.00 | N YAN | B-417359 | 1 | 395.00 | English Books | |||
| Fiction | R.K.Puram-8 | R.K.Puram-8 | 15/11/2010 | Vijay Goel/536/19.7.10/68/1.7.10/27.7.10 | 395.00 | N YAN | B-417363 | 1 | 395.00 | English Books | |||
| Fiction | Sarojini Nagar | Sarojini Nagar | 15/11/2010 | Vijay Goel/536/19.7.10/68/1.7.10/27.7.10 | 395.00 | N YAN | B-417362 | 1 | 395.00 | English Books | |||
| Fiction | Shahdara Branch | Shahdara Branch | 15/11/2010 | Vijay Goel/536/19.7.10/68/1.7.10/27.7.10 | 395.00 | N YAN | B-417370 | 1 | 395.00 | English Books | |||
| Written-off vide DLB M. No. 383 dt 16.05.19 | Fiction | Sriniwas Puri | Sriniwas Puri | 15/11/2010 | Vijay Goel/536/19.7.10/68/1.7.10/27.7.10 | 395.00 | N YAN | B-417365 | 1 | 395.00 | English Books | ||
| Fiction | Karol Bagh | Vinoba Puri | 15/11/2010 | Vijay Goel/536/19.7.10/68/1.7.10/27.7.10 | 395.00 | N YAN | B-417367 | 1 | 395.00 | English Books |
